| 000 | 00419nam a22001577a 4500 | ||
|---|---|---|---|
| 003 | MACL | ||
| 005 | 20250801152906.0 | ||
| 008 | 250801b |||||||| |||| 00| 0 eng d | ||
| 040 | _cMACL | ||
| 082 | _a001 | ||
| 100 |
_aArihant publication _936291 |
||
| 245 | _aCracking the CSAT PAPER 2 Civil services Aptitude test | ||
| 260 |
_aMeerut (UP) _bArihant publication _c2025 |
||
| 650 | _aGeneral | ||
| 942 |
_2ddc _cC. BOOKS |
||
| 999 |
_c68104 _d68104 |
||